Statistics for Video game plots explained badly

Click here to take the quiz!

General Stats

  • This quiz has been taken 21 times
  • The average score is 3 of 15

Answer Stats

HintAnswer% Correct
Man goes into hell after demons kill his rabbitDoom
61%
Man smuggles a little girl across the countryThe last of us
61%
Bean people run and jump on obstaclesfall guys
50%
Renaissance man tries to assassinate the popeAssassin's Creed 2
28%
FREEDOM, PEACE, DEMOCRACY, LIBERTYHelldivers 2
22%
Man gets betrayed by a father figure and stands unshakenRed Dead Redemption 2
17%
Man finally gets to see his friend who gets out of a coma only to put him back into a comaSpider-Man 2
17%
Man dropkicks zombies to get to off brand IstanbulDying Light
11%
Man's homeland gets invaded and uses unorthodox fighting methodsGhost Of Tsushima
11%
Child goes to another realm to get away from his fatherGod of war: Ragnarok
11%
man joins a cult to get revenge on his adopted father's death over his real father's death and loses his girlfriend to a magic swordAssassin's Creed Unity
6%
Student gets to school five years late and discovers special powers used to save the worldHogwarts legacy
6%
Man with glowing blades tries to find magical children by using a cubeJedi: Fallen Order
6%
Man with glowing blades shoots a man in front of his daughterJedi survivor
6%
Woman goes across the country to kill a golferThe last of us part 2
6%

Score Distribution

Percentile by Number Answered

Percent of People with Each Score

Your Score History

You have not taken this quiz